00481nam a22001697a 4500003000500000005001700005008004100022020001500063038001500078082000800093100002200101245007600123260003700199300001900236650003400255700002200289NUST20230125120546.0190710b ||||| |||| 00| 0 eng d qHardcover. aMr. Zahoor a510 aBaig, Hira Ashraf aContinuity and Differentiability of Convex Functions cHira Ashraf Baig aIslamabad :bCAMP - NUST,c2013. a61 p. ;c30cm. aMathematics - M. Phil Thesis  aDr. Matloob Anwar